Sports Quiz

Random Sports Quiz

Arizona Cardinals All-Time Leaders Quiz Stats

Quiz not verified by Sporcle

Challenge
Share
Tweet
Embed
Score 0/50 Timer 06:00
0 Plays Today
Hint Answer % Correct
Receiving YardsLarry Fitzgerald
84.6%
Passing YardsKurt Warner
78.6%
Passing YardsCarson Palmer
76.9%
Receiving YardsAnquan Boldin
76.9%
InterceptionsAeneas Williams
75.2%
Receiving YardsJackie Smith
74.4%
Passing YardsJake Plummer
72.6%
Passing YardsCharley Johnson
70.9%
Passing YardsJim Hart
70.1%
InterceptionsLarry Wilson
65.8%
InterceptionsAdrian Wilson
65.8%
Rushing YardsOttis Anderson
64.1%
Receiving YardsRoy Green
64.1%
Passing YardsNeil Lomax
61.5%
Rushing YardsStump Mitchell
52.1%
Rushing YardsTerry Metcalf
47.9%
SacksCalais Campbell
47.9%
InterceptionsRoger Wehrli
47.9%
SacksSimeon Rice
44.4%
SacksEric Swann
44.4%
Rushing YardsJim Otis
41.9%
Receiving YardsMel Gray
41.9%
InterceptionsJerry Davis
41.9%
Receiving YardsRob Moore
40.2%
SacksDarnell Dockett
39.3%
Hint Answer % Correct
Receiving YardsFrank Sanders
36.8%
Passing YardsSteve Beuerlein
35.9%
Passing YardsJosh McCown
34.2%
Rushing YardsWayne Morris
34.2%
SacksFreddie Joe Nunn
34.2%
InterceptionsNight Train Lane
32.5%
SacksBertrand Berry
31.6%
InterceptionsPat Fischer
30.8%
InterceptionsNorm Thompson
30.8%
Receiving YardsPat Tilley
29.1%
SacksAl Baker
29.1%
InterceptionsKwamie Lassiter
29.1%
Passing YardsLamar McHan
27.4%
SacksKen Harvey
27.4%
Rushing YardsOllie Matson
26.5%
Receiving YardsSonny Randle
26.5%
SacksDavid Galloway
25.6%
Passing YardsPaul Christman
24.8%
Rushing YardsCharlie Trippi
24.8%
Rushing YardsEarl Ferrell
24.8%
InterceptionsRay Ramsey
24.8%
Rushing YardsJohn David Crow
23.9%
Rushing YardsJohnny Roland
20.5%
SacksCurtis Greer
14.5%
Receiving YardsBobby Joe Conrad
12%

You're not logged in!

Compare scores with friends on all Sporcle quizzes.
Sign Up with Email
OR
Log In

You Might Also Like...

Show Comments

Extras

Top Quizzes Today


Score Distribution

Your Account Isn't Verified!

In order to create a playlist on Sporcle, you need to verify the email address you used during registration. Go to your Sporcle Settings to finish the process.

Report this User

Report this user for behavior that violates our Community Guidelines.

Details: